Spatial Interactions and the Regional Employment in the EU

Odhad priestorového ekonometrického modelu nezamestnanosti v regiónoch 259 NUTS v roku 2018 v Európskej únii. Zohľadnenie regionálnych špecifík a kvantifikácia priestorových vplyvov.

Salvato in:
Dettagli Bibliografici
Autore principale: Furková, Andrea, 1975-
Altri autori: Chocholatá, Michaela, 1977-
Natura: Capitolo di libro
Lingua:inglese
Soggetti:
Tags: Aggiungi Tag
Nessun Tag, puoi essere il primo ad aggiungerne!!

MARC

LEADER 00000naa$a2200000$$$4500
001 0259278
005 20240502083738.2
041 0 |a eng 
044 |a SI 
245 1 0 |a Spatial Interactions and the Regional Employment in the EU  |c Andrea Furková, Michaela Chocholatá 
520 |a Odhad priestorového ekonometrického modelu nezamestnanosti v regiónoch 259 NUTS v roku 2018 v Európskej únii. Zohľadnenie regionálnych špecifík a kvantifikácia priestorových vplyvov. 
610 2 0 |a regióny 
610 2 0 |a nezamestnanosť 
610 2 0 |a Európska únia 
610 2 0 |a modely ekonometrické 
610 2 0 |a produkt národný hrubý 
100 1 |a Furková, Andrea, 1975- 
700 1 |a Chocholatá, Michaela, 1977-